Gran Premi del Campionato mondiale di Formula 1 2020 - Statistics

Statistiche generali
  • Questo quiz è stato fatto 7 volte
  • Il punteggio medio è 12 su 17
Statistiche sulle risposte
Data Gran Premio % Corretto
6 settembre Gran Premio d'Italia
100%
5 luglio Gran Premio d'Austria
86%
13 dicembre Gran Premio di Abu Dhabi
86%
16 agosto Gran Premio di Spagna
86%
19 luglio Gran Premio d'Ungheria
86%
29 novembre Gran Premio del Bahrein
71%
30 agosto Gran Premio del Belgio
71%
13 settembre Gran Premio della Toscana
71%
1º novembre Gran Premio dell'Emilia Romagna
71%
2 agosto Gran Premio di Gran Bretagna
71%
27 settembre Gran Premio di Russia
71%
6 dicembre Gran Premio di Sakhir
71%
12 luglio Gran Premio di Stiria
71%
9 agosto Gran Premio del 70º Anniversario 2020
57%
15 novembre Gran Premio di Turchia
57%
25 ottobre Gran Premio del Portogallo
43%
11 ottobre Gran Premio dell'Eifel
29%
Nessun quiz corrispondente trovato
Distribuzione punteggi
Percentuale di utenti per punteggio
Percentile per numero di risposta
I tuoi punteggi nel tempo
Non hai fatto questo quiz